Niezapomniane Jedenastki #30: Chorwacja 2018 - Statystyki

Ogólne statystyki
  • Ten quiz został rozwiązany 99 razy
  • Średni wynik to 8 z 11
Statystyki odpowiedzi
Pozycja Klub Zawodnik % Poprawnych
ŚP Real Madryt Luka Modric
100%
ŚP Barcelona Ivan Rakitic
93%
N Juventus Mario Mandzukic
89%
LS Inter Ivan Perisic
86%
ŚPD Inter Marcelo Brozovic
83%
BR Monaco Danijel Subasic
79%
ŚO Liverpool Dejan Lovren
78%
ŚO Besiktas Domagoj Vida
77%
PO Atletico Sime Vrsaljko
57%
PS Eintracht Ante Rebic
49%
LO Sampdoria Ivan Strinic
24%
Nie znaleziono quizów pasujących do podanych kryteriów
Rozkład punktacji
Procent ludzi z każdym wynikiem
Percentyl według liczby udzielonych odpowiedzi
Twoja historia wyników
Nie rozwiązałeś tego quizu